文部科学省が認める11年制教育課程国 - Statistics

General Stats
  • This quiz has been taken 13 times
  • The average score is 4 of 8
Answer Stats
教育課程名 実施国 適用開始日 % Correct
オブシェエ・スレドニェエ・オブラゾヴァーニエ ロシア 平成21年10月6日
100%
ポウナ・ザハリナ・セレドニャ・オスヴィタ ウクライナ 平成3年5月23日
75%
オブシェエ・スレドニェエ・オブラゾヴァ―ニエ カザフスタン 平成19年7月27日
75%
トレーチヤ・ストゥペニ・オープシェヴォ・スレードネヴォ・オブラゾヴァーニヤ ベラルーシ 平成23年1月13日
58%
シコーラ・スレードゥネヴァ・オブラゾヴァーニヤ ウズベキスタン 平成29年3月15日
50%
アテッタン・アスィン・ピンニャーイェー(旧体制下含む。) ミャンマー 昭和48年10月1日
33%
エスクエラ・セクンダリア ペルー 明治34年3月9日
25%
アル・マドラサ・アッ・サーナウィーヤ スーダン 平成4年1月1日
25%
No matching quizzes found
Score Distribution
Percent of People with Each Score
Percentile by Number Answered
Your Score History
You have not taken this quiz